| 000 | 00974nam a22003017a 4500 | ||
|---|---|---|---|
| 001 | 5887 | ||
| 003 | FISKH | ||
| 005 | 20250428121323.0 | ||
| 008 | 250130b cb ||||| |||| 00| 0 eng d | ||
| 020 | _a9780516263557 | ||
| 040 |
_aFISKH _beng _cFISKH _dFISKH |
||
| 050 | _aQL668.C2 H56 | ||
| 082 | _a597.8 | ||
| 100 |
_aHimmelman, John _d(1959-) |
||
| 245 |
_aA Salamander's life / _cWritten and Illustrated by John Himmelman |
||
| 250 | _aThis edition published in 1998 | ||
| 260 |
_aCanada : _bChildren Press, _c1998. |
||
| 300 |
_a30 pages : _bcolor illustrations ; _c21 cm |
||
| 505 | _aG | ||
| 520 | _aIllustrations and simple text follow a salamander through its life cycle, from larva in a pond through winter hibernation to spring mating. | ||
| 521 | 8 |
_a380
_bLexile |
|
| 521 | 8 |
_aG
_bRaz-Plus |
|
| 650 |
_2Life cycles _aSalamanders |
||
| 650 |
_2Nature _aAnimals |
||
| 700 |
_aHimmelman, John _dillustrator |
||
| 942 |
_2ddc _cBK _n0 |
||
| 999 |
_c5887 _d5887 |
||